000 00608nam a2200205 a 4500
005 20250307063815.0
008 181012s1980 mx r 000 0 spa d
035 _aUPN01000227212
049 _aCG
050 4 _aP49
_bL4.6
245 0 3 _aEl lenguaje :
_bproblemas y reflexiones actuales /
_cTomás Segovia ... [et al.].
260 _aMéxico :
_bUAP,
_c1980.
300 _a135 p. :
_bfigs.
440 0 _aSigno y sociedad ;
_v3
650 4 _aLINGUISTICA -
_xFILOSOFIA
_920710
650 4 _aLenguaje y lenguas
_93837
700 1 _aSegovia, Tomás,
_d1927-2011
_936803
905 _aLibro
999 _c199308
_d199308